000 00473nam a2200169Ia 4500
005 20250923145210.0
008 008 250917s9999 xx 000 0 eng d
037 _aTextual
040 _aDSWL
_beng
_cDSWL
041 _aeng
_2eng
084 _aYX,ZF.5648, N68
_qDSWL
100 _aHendriks, G.
_9832805
245 0 _aConcepts of community work
_cby G. Hendriks
300 _a90p.
942 _cTEXL
_hYX,ZF.5648, N68
999 _c1448354
_d1448354